00525nam a2200181Ii 450000100060000000300090000600800410001504000330005604100080008908200160009710000340011324500440014726400590019130000120025033600260026233700280028833800270031611106CO-ViMGA241108s9999||||xx |||||||||||||| ||und|| aCO-ViMGAbspaerdacCO-ViMGA0 aunk04a791.53 G6331 aCiro Leonardo Gómez Acevedo10aTíteres una estrategia metodológica 1a[Lugar de publicación no identificado] : Trazo, 1988 avolumen atextbtxt2rdacontent aunmediatedbn2rdamedia avolumebnc2rdacarrier